| 000 | 00371nam a2200133Ia 4500 | ||
|---|---|---|---|
| 008 | 230917s9999||||xx |||||||||||||| ||und|| | ||
| 040 |
_e92699 _aMAIN |
||
| 041 | _aEnglish | ||
| 082 | _a617.7 R137C | ||
| 100 | _aRaj Kumar | ||
| 245 | 0 | _aConcentration of lactoferrin in tears during post-operative ocular inflammation in cataract surgery | |
| 300 | _a75 p. | ||
| 942 | _cTH | ||
| 999 |
_c54989 _d54989 |
||